Nehézségek az irodai szolgálatban
Elmentve itt :
| Szerző: | |
|---|---|
| Dokumentumtípus: | Cikk |
| Megjelent: |
1947
|
| Sorozat: | Honvéd : katonai folyóirat
2 No. 7 |
| Kulcsszavak: | Hadtudomány |
| Online Access: | http://misc.bibl.u-szeged.hu/3385 |
| LEADER | 00558nab a2200169 i 4500 | ||
|---|---|---|---|
| 001 | misc3385 | ||
| 005 | 20191106141822.0 | ||
| 008 | 170607s1947 hu o 0|| hun d | ||
| 040 | |a SZTE Miscellanea Repozitórium |b hun | ||
| 041 | |a hun | ||
| 100 | 1 | |a Kovács Ferenc | |
| 245 | 1 | 0 | |a Nehézségek az irodai szolgálatban |h [elektronikus dokumentum] / |c Kovács Ferenc |
| 260 | |c 1947 | ||
| 300 | |a 38-40 | ||
| 490 | 0 | |a Honvéd : katonai folyóirat |v 2 No. 7 | |
| 695 | |a Hadtudomány | ||
| 856 | 4 | 0 | |u http://misc.bibl.u-szeged.hu/3385/1/honved_002_007_038-040.pdf |z Dokumentum-elérés |